LEADER 00854nam0-22002891i-450- 001 990003106720403321 010 $a88-230-0041-6 035 $a000310672 035 $aFED01000310672 035 $a(Aleph)000310672FED01 035 $a000310672 100 $a20000920d1990----km-y0itay50------ba 101 0 $aita 102 $aIT 200 1 $a<>intervento pubblico in agricoltura$eProblemi e prospettive di politica agraria nell'attuazione del piano agricolo nazionale$fM. Bagarani...[et al.]. 210 $aRoma$cEdiesse$d1990. 215 $a127 p.$d19 cm 676 $aH/1.14 702 1$aBagarani,$bMassimo 801 0$aIT$bUNINA$gRICA$2UNIMARC 901 $aBK 912 $a990003106720403321 952 $aH/1.14 BAG$b10820$fSES 959 $aSES 996 $aIntervento pubblico in agricoltura$9461714 997 $aUNINA DB $aING01 LEADER 03089oam 2200661I 450 001 9910789446703321 005 20230814231828.0 010 $a0-429-91233-1 010 $a0-429-89810-X 010 $a0-429-47333-8 010 $a1-283-11823-8 010 $a9786613118233 010 $a1-84940-116-0 035 $a(CKB)2670000000092924 035 $a(EBL)709567 035 $a(OCoLC)727649356 035 $a(SSID)ssj0000521751 035 $a(PQKBManifestationID)12214756 035 $a(PQKBTitleCode)TC0000521751 035 $a(PQKBWorkID)10523490 035 $a(PQKB)10333655 035 $a(MiAaPQ)EBC709567 035 $a(Au-PeEL)EBL709567 035 $a(CaPaEBR)ebr10475790 035 $a(CaONFJC)MIL311823 035 $a(OCoLC)680622494 035 $a(FlBoTFG)9780429473333 035 $a(OCoLC)28827272 035 $a(FINmELB)ELB140178 035 $a(EXLCZ)992670000000092924 100 $a20181122h20181992 uy 0 101 0 $aeng 135 $aur||| ||||| 181 $ctxt 182 $cc 183 $acr 200 10$aCountertransference $eTheory, Technique, Teaching /$fby Athina Alexandris 205 $aFirst edition. 210 1$aBoca Raton, FL :$cRoutledge,$d[2018]. 210 4$dİ1992. 215 $a1 online resource (295 p.) 300 $aDescription based upon print version of record. 311 $a0-367-10462-8 311 $a1-85575-028-7 320 $aIncludes bibliographical references and index. 327 $apt. 1. Countertransference : theoretical and technical aspects -- pt. 2. Clinical illustrations of countertransference : theoretical and technical considerations -- pt. 3. Aspects of countertransference-transference interaction in supervision. 330 3 $aA collection of papers on the Oedipus complex, divided into three parts: theory, practice and supervision. The contributors, who include Joyce McDougall, Hanna Segal, Otto Kernberg and Leon Grinberg, invite the reader to explore with them the processes affecting the therapist's mind - and, occasionally his body - during psychoanalytic therapy, and the reasons why the therapist thinks, feels, and reacts in a particular way. The full significance of these processes, referred to as "counter-transference" since Freud's time, has recently been recognized, resulting in the therapist's use of additional resources so that he or she can understand and help the patient more effectively. In the 1950s and 1960s, Paula Heimann and Heinrich Racker, following on Freud's own observations, made important contributions to the study of the countertransference, considerably enlarging upon the concept and re-evaluating the nature of the psychoanalytic therapeutic relationship as a result. 606 $aCountertransference (Psychology) 615 0$aCountertransference (Psychology) 676 $a150.195 676 $a616.8914 700 $aAlexandris$b Athina$01469719 801 0$bFlBoTFG 801 1$bFlBoTFG 906 $aBOOK 912 $a9910789446703321 996 $aCountertransference$93681270 997 $aUNINA LEADER 03033nam 2200697 450 001 9910789021103321 005 20210817111955.0 010 $a1-315-57365-2 010 $a1-317-16138-6 010 $a1-138-24594-1 010 $a1-317-16137-8 010 $a1-4724-2465-4 035 $a(CKB)3710000000088764 035 $a(EBL)1590705 035 $a(SSID)ssj0001108032 035 $a(PQKBManifestationID)11603637 035 $a(PQKBTitleCode)TC0001108032 035 $a(PQKBWorkID)11086391 035 $a(PQKB)10868234 035 $a(MiAaPQ)EBC1590705 035 $a(MiAaPQ)EBC5293882 035 $a(OCoLC)1264209355 035 $a(CaBNVSL)9781315573656 035 $a(PPN)17974562X 035 $a(EXLCZ)993710000000088764 100 $a20210817h20212016 uy 0 101 0 $aeng 135 $aur|n|---||||| 181 $ctxt 182 $cc 183 $acr 200 10$aConstructing urban space with sounds and music /$fRicciarda Belgiojoso 205 $aFirst edition. 210 1$aLondon, England :$cZed Books,$d2016. 210 2$a[London, England] :$cBloomsbury Publishing,$d2021 215 $a1 online resource (137 p.) 300 $aDescription based upon print version of record. 311 $a1-4724-2464-6 320 $aIncludes bibliographical references and index. 327 $aThe art of noises -- Is a truck passing by music? -- Concrete music -- Soundscape -- The city is an orchestra -- Instruments for transforming noises -- Sound sources and resonance -- Public spaces set to music -- Tuned promenades -- Urban sounds, notes of life -- Listening to the urban environment -- Guide lines for constructing urban space with sound. 330 $aThis book aims at drawing the reader's attention to the sound of the urban environment. Using an interdisciplinary approach, it examines a heterogeneous selection of experimentations from the domains of music, art and architecture. Significant case studies of pieces of music, public art works and scientific research in the field of urban planning are analyzed, investigating the methods that have been adopted and the aural processes that have been generated. It then uses the findings to reconstruct the underlying theories and practices and to show what might be drawn from these procedures' application. 606 $aSoundscapes (Music)$xHistory and criticism 606 $aMusic$xPhilosophy and aesthetics 606 $aMusic and architecture 606 $aCity sounds 606 $aCity planning 615 0$aSoundscapes (Music)$xHistory and criticism. 615 0$aMusic$xPhilosophy and aesthetics. 615 0$aMusic and architecture. 615 0$aCity sounds. 615 0$aCity planning. 676 $a780/.071 686 $a9,2$2ssgn 700 $aBelgiojoso$b Ricciarda$0774402 801 0$bE7B 801 1$bCaBNVSL 801 2$bCaBNVSL 906 $aBOOK 912 $a9910789021103321 996 $aConstructing urban space with sounds and music$93781030 997 $aUNINA